000 00526nam a2200205Ia 4500
003 OSt
005 20230424100600.0
008 210423s2003 xx 000 0 und d
040 _cAL
041 _aeng
082 _a574.80285 WESD
100 _aWESTHEAD (D R);others.
_964257
245 _aBioinformatics.
260 _aNew Delhi
_bViva Books Pvt Ltd
_c2003
300 _avii,257
365 _b195
_cINR
650 _aTissue & Molecular Botany
_964258
906 _abioinformatics ; Bioinformatics.
942 _2ddc
_cBK
999 _c162521
_d162521